| 000 | 00831cam a2200217 4500 | ||
|---|---|---|---|
| 001 | WB3643-01 | ||
| 008 | 000000n2000 000 0 eng u | ||
| 035 | _a(Sirsi) u109048 | ||
| 245 | _aPrefab pioneer did not cut costs | ||
| 260 | _c2000 | ||
| 490 |
_aBuilding _v265(8159) 27 October 2000, 12(1) |
||
| 520 | _aA BRE Centre for Sustainable Construction report finds that although a pioneering Peabody Trust prefabricated housing development cost 5% more than a conventional scheme, it was faster to build, had zero defects and was popular with its tenants. | ||
| 590 | _aWB | ||
| 650 | _aSOCIAL HOUSING | ||
| 650 | _aPEABODY TRUST | ||
| 650 | _aPREFABRICATED BUILDINGS | ||
| 650 | _aCONSTRUCTION METHODS | ||
| 650 | _aBUILT ENVIRONMENT-BUILDING COSTS | ||
| 690 | _aBUILT ENVIRONMENT-CONSTRUCTION DESIGN | ||
| 942 | _n0 | ||
| 999 |
_c65124 _d65124 |
||